000 00287nam a22001337a 4500
008 181022b xxu||||| |||| 00| 0 eng d
020 _a9780764142598
041 _aeng
080 _a510
100 _a36
101 _aMAT
245 _aE-Z Business Math
_cGoozner,C
942 _2udc
_cBK
999 _c50447
_d50447